Statistics for WWE Royal Rumble 2007 Entrants Quiz

Click here to take the quiz!

General Stats

  • This quiz has been taken 86 times
  • The average score is 19 of 30

Answer Stats

EN Answer EL % Correct
30The UndertakerW
93%
16Randy Orton27
91%
23Shawn Michaels29
87%
10Kane11
80%
5Edge28
80%
11CM Punk22
74%
4Matt Hardy9
74%
14Jeff Hardy8
72%
1Ric Flair1
72%
17Chris Benoit19
67%
27Carlito23
65%
29The Miz20
65%
25Chavo Guerrero Jr.24
65%
18Rob Van Dam21
65%
19Viscera13
63%
2Finlay12
63%
28The Great Khali25
63%
20Johnny Nitro15
61%
12King Booker10
61%
26Montel Vontavious Porter26
57%
9Shelton Benjamin14
56%
6Tommy Dreamer3
56%
7Sabu4
50%
3Kenny Dykstra2
48%
15The Sandman6
46%
22Hardcore Holly18
46%
24Chris Masters17
43%
8Gregory Helms5
41%
21Kevin Thorn16
37%
13Super Crazy7
37%

Score Distribution

Percentile by Number Answered

Percent of People with Each Score

Your Score History

You have not taken this quiz